000
00374nam a2200133Ia 4500
008
100328s9999 xx 000 0 und d
082
_b
55858
100
_a
म्हात्रे अरविंद
245
_a
प्रतिशोध
260
_b
पार्टनर
630
_a
प्रतिशोध
730
_a
प्रतिशोध
942
_c
BOOK
999
_c
542474
_d
542471